Cricket: Top Test Match Batsmen in 2016 - Statistics

General Stats
  • This quiz has been taken 144 times
  • The average score is 12 of 20
Answer Stats
Hint Answer % Correct
ENG Joe Root
95%
AUS Steve Smith
95%
IND Virat Kohli
95%
ENG Alastair Cook
91%
ENG Ben Stokes
81%
ENG Johnny Bairstow
67%
SA Hashim Amla
66%
IND Cheteshwar Pujara
65%
PAK Azhar Ali
64%
ENG Moeen Ali
61%
PAK Younis Khan
60%
IND Rohit Sharma
59%
IND Karun Nair
53%
NZ Ross Taylor
50%
SA Faf du Plessis
41%
SA Quinton de Kock
36%
AUS Adam Voges
35%
AUS Usman Khawaja
33%
IND KL Rahul
30%
SL Dhananjaya de Silva
7%
No matching quizzes found
Score Distribution
Percent of People with Each Score
Percentile by Number Answered
Your Score History
You have not taken this quiz